000 00283nam a2200109Ia 4500
008 230907s9999||||xx |||||||||||||| ||und||
082 _a621.4021
_bPRI
245 0 _aPrinciples of engineering thermodynamics /
260 _aWiley,
_bNew Delhi :
_c2016
300 _a867 p.
942 _cBK
999 _c600350
_d600350